Το παρελθόν στο παρόν ανθρωπολογία, ιστορία και η μελέτη της νεοελληνικής κοινωνίας
Αποθηκεύτηκε σε:
| Κύριος συγγραφέας: | |
|---|---|
| Μορφή: | Βιβλίο |
| Γλώσσα: | Greek |
| Δημοσίευση: |
Αθήνα :
Αλεξάνδρεια,
1993.
|
| Θέματα: | |
| Ετικέτες: |
Προσθήκη ετικέτας
Δεν υπάρχουν, Καταχωρήστε ετικέτα πρώτοι!
|
MARC
| LEADER | 00000cam a2200000 a 4500 | ||
|---|---|---|---|
| 001 | 1/121399 | ||
| 008 | 200520s1993####gr || |||||||||| ||gre|| | ||
| 040 | |a GR-MyUa |b gre |c GR-MyUa |e AACR2 | ||
| 041 | 0 | |a gre | |
| 082 | 7 | |a 306.09495 |2 (23) | |
| 100 | 1 | |a Παπαταξιάρχης, Eυθύμιος, |d 1954- | |
| 245 | 1 | 3 | |a Το παρελθόν στο παρόν |h [ανάτυπο] : |b ανθρωπολογία, ιστορία και η μελέτη της νεοελληνικής κοινωνίας / |c Ευθύμιος Παπαταξιάρχης. |
| 260 | |a Αθήνα : |b Αλεξάνδρεια, |c 1993. | ||
| 300 | |a 74 σ. ; |c 21 εκ. | ||
| 500 | |a Ανάτυπο από "Ανθρωπολογία και παρελθόν : συμβολές στην κοινωνική ιστορία της νεότερης Ελλάδας /Ευθύμιος Παπαταξιάρχης και Θεόδωρος Παραδέλλης, επιμέλεια. | ||
| 650 | 0 | |a Ethnology |z Greece. | |
| 651 | 0 | |a Greece |x Social life and customs. | |
| 852 | |a INST |b LESVOS |e 20200520 |h 306.09495 ΠΑΠ |p 005100062429 |q 005100062429 |t BK |y 0 | ||
| 920 | |a Παπαταξιάρχης |b Ευθύμιος |y Λέσβος |z 2000-02 | ||
| 970 | |a Καμάτσου |b Δέσποινα |z 20-05-2020 | ||